Pięć największych państw według kontynentu - Statystyki

Ogólne statystyki
  • Ten quiz został rozwiązany 7 897 razy
  • Średni wynik to 23 z 29
Statystyki odpowiedzi
Kontynent Państwo % Poprawnych
Europa/Azja Rosja
99%
Azja Chiny
97%
Ameryka Północna Stany Zjednoczone
97%
Europa Francja
96%
Ameryka Północna Kanada
96%
Oceania Australia
95%
Ameryka Południowa Brazylia
95%
Europa Hiszpania
94%
Ameryka Północna Meksyk
94%
Ameryka Południowa Argentyna
93%
Azja Indie
90%
Europa Ukraina
90%
Oceania Nowa Zelandia
89%
Afryka Algieria
83%
Azja Kazachstan
83%
Ameryka Południowa Kolumbia
83%
Afryka Demokratyczna Republika Konga
82%
Ameryka Południowa Peru
82%
Europa Szwecja
82%
Ameryka Południowa Boliwia
74%
Afryka Sudan
69%
Azja Arabia Saudyjska
68%
Oceania Papua-Nowa Gwinea
68%
Afryka Libia
65%
Afryka Czad
61%
Ameryka Północna Honduras
58%
Ameryka Północna Nikaragua
54%
Oceania Fidżi
53%
Oceania Wyspy Salomona
44%
Nie znaleziono quizów pasujących do podanych kryteriów
Rozkład punktacji
Procent ludzi z każdym wynikiem
Percentyl według liczby udzielonych odpowiedzi
Twoja historia wyników
Nie rozwiązałeś tego quizu